Mateřství v kontextu aktuálních legislativních změn

Prerodinná orientácie českej populácie. Zmeny v orientácii na rodinu. Rámcové premeny legislatívy týkajúcej sa starostlivosti o deti. Aktuálne problémy matiek starajúcich sa o malé deti. Nové legislatívne zmeny v oblasti starostlivosti o deti.

Saved in:
Bibliographic Details
Main Author: Mašková, Hana
Format: Book Chapter
Language:Czech
Subjects:
Tags: Add Tag
No Tags, Be the first to tag this record!

MARC

LEADER 00000naa a2200000 4500
001 r047805
005 20230913072213.5
041 0 |a cze 
044 |a CZ 
245 1 0 |a Mateřství v kontextu aktuálních legislativních změn  |c Hana Mašková 
520 |a Prerodinná orientácie českej populácie. Zmeny v orientácii na rodinu. Rámcové premeny legislatívy týkajúcej sa starostlivosti o deti. Aktuálne problémy matiek starajúcich sa o malé deti. Nové legislatívne zmeny v oblasti starostlivosti o deti. 
610 2 0 |a materstvo 
610 2 0 |a Česko 
610 2 0 |a legislatíva 
610 2 0 |a rodina 
610 2 0 |a deti 
610 2 0 |a starostlivosť o deti 
610 2 0 |a ženy 
610 2 0 |a demografia 
100 1 |a Mašková, Hana